000 01071nam2a2200229 4500
001 rc\2893048
005 20260315070950.0
035 _a(NLR Aleph) 007204790
090 _a13628969
_c13628969
100 _a20110726d1938 u y0rusy50 ca
101 0 _arus
102 _aRU
105 _aa z |||||
200 1 _aКнопочный выключатель типа КД-1
210 _d1938
215 _a6 с.
_cил., черт.
461 0 _1001rc\2893023
_12001#$aКаталог ... устройств высокого напряжения$eСентябрь 1931. № 1-13а$fВЭО$v№ 5а. Вып. 2
_97650331
_aСССР. Главное управление электромашиностроительной промышленности
_c[Москва]
_d[1931]-1941
_fВЭО
_nГос. науч.-техн. изд-во
_oСентябрь 1931. № 1-13а
_tКаталог ... устройств высокого напряжения
_v№ 5а. Вып. 2
801 0 _aRU
_bNLR
_gpsbo
801 1 _aRU
_bELAR
_2rusmarc
852 _aNLR
_j32-19/512
942 _cUNSPEC
980 _aNB